000 002270000a22000970004500
100 1 _aRanney, Stephen L.
245 1 0 _aHome based foods for children
300 _aNúm 8 (1985), Páginas 34-36
773 0 _tTogether
942 _cANA
999 _c56983
_d56983